000 01060nas a2200277 4500
001 BR8707286
003 BR-BrBNA
005 20231205090919.0
007 ta
008 230509b bl.|||p| |||| 00| 00por d
040 _aBR-BrBNA
_bpor
_cBiblioteca Nacional de Agricultura
041 _a(Pt)
072 _aH10; N20
100 1 _aChaim, A.
100 1 _aMatuo, T.
100 1 _aAlmeida, A. de
245 1 _aDesenvolvimento de um prototipo de pulverizador eletrohidrodinamico 2 - avaliacao do seu comportamento no controle de trips (Enneotrips flavens)Moulton, 1941 do amendoim (Arachis hypogaea)
246 1 _aDevelopment of prototype of electrohydrodynamic sprayer, 2: evaluation of performance in the control of thrips (Enneotrips flavens Moulton, 1941)of peanuts (Arachis hypogaea)
650 _aAMENDOIM
650 _aTRIPS
650 _aPULVERIZACAO
650 _aPULVERIZADOR
773 0 _tCientifica (Brazil)
_xISSN 0100-0039
_g(1985), v. 13(1-2) p. 109-116
_wBR8707286
909 _a202311
_bLúcia
_c55
_dLúcia Elande
942 _2AGRIS
_n0
_cANA
999 _c121604
_d121604